Spanische Verben - Statistiken

Allgemein
  • Dieses Quiz wurde 903 mal gespielt
  • Das Durchschnittsergebnis liegt bei 19 aus 27
Antwortstatistiken
Spanisch Deutsch % Korrekt
hablar sprechen
94%
escribir schreiben
93%
comer essen
92%
beber trinken
92%
trabajar arbeiten
90%
dormir schlafen
90%
bailar tanzen
90%
ir gehen
89%
vivir leben
88%
cantar singen
82%
jugar spielen
81%
escuchar hören
76%
ver sehen
75%
querer wollen
75%
hacer machen
73%
comprar kaufen
72%
viajar reisen
72%
nadar schwimmen
68%
pensar denken
63%
fumar rauchen
63%
vender verkaufen
59%
correr rennen
54%
pagar bezahlen
50%
contar zählen
46%
volar fliegen
43%
enseñar unterrichten
14%
gastar ausgeben
13%
Keine übereinstimmenden Quizze gefunden
Verteilung der Resultate
Anzahl Personen mit jedem Resultat
Perzentil nach korrekt beantworteten Fragen
Ihre Resultats-Entwicklung
Sie haben dieses Quiz noch nicht gespielt